Geology of the manganese deposits of Cuba / (Record no. 29260)

MARC details
000 -LEADER
fixed length control field 01279cam a22003251a 4500
001 - CONTROL NUMBER
control field gs 58000200
003 - CONTROL NUMBER IDENTIFIER
control field DLC
005 - DATE AND TIME OF LATEST TRANSACTION
control field 20260227111406.0
008 - FIXED-LENGTH DATA ELEMENTS--GENERAL INFORMATION
fixed length control field 780930s1958 dcuab b f001 0 eng
010 ## - LIBRARY OF CONGRESS CONTROL NUMBER
LC control number gs 58000200
035 ## - SYSTEM CONTROL NUMBER
System control number (OCoLC)4257121
040 ## - CATALOGING SOURCE
Original cataloging agency DLC
Transcribing agency OClU
Modifying agency DNAL
-- DLC
042 ## - AUTHENTICATION CODE
Authentication code premarc
050 00 - LIBRARY OF CONGRESS CALL NUMBER
Classification number QE75
Item number .B9 no. 1057
051 ## - LIBRARY OF CONGRESS COPY, ISSUE, OFFPRINT STATEMENT
Classification number TN490.M3
Item number S5
Copy information Copy 2.
070 0# - NATIONAL AGRICULTURAL LIBRARY CALL NUMBER
Classification number 407
Item number G29B no.1057
072 0# - SUBJECT CATEGORY CODE
Subject category code X400
-- P300
082 ## - DEWEY DECIMAL CLASSIFICATION NUMBER
Classification number 553.46
100 1# - MAIN ENTRY--PERSONAL NAME
Personal name Simons, Frank S.
Fuller form of name (Frank Stanton),
Dates associated with a name 1917-
245 10 - TITLE STATEMENT
Title Geology of the manganese deposits of Cuba /
Statement of responsibility, etc. by Frank S. Simons and John A. Straczek.
260 ## - PUBLICATION, DISTRIBUTION, ETC.
Place of publication, distribution, etc. Washington, [D.C.] :
Name of publisher, distributor, etc. U.S. G.P.O.,
Date of publication, distribution, etc. 1958.
300 ## - PHYSICAL DESCRIPTION
Extent xi, 289 p. :
Other physical details ill., maps (some col.) ;
Dimensions 24 cm. +
Accompanying material 32 folded leaves in case.
440 #0 - SERIES STATEMENT/ADDED ENTRY--TITLE
Title Geological Survey bulletin ;
Volume/sequential designation 1057
500 ## - GENERAL NOTE
General note "A summary report prepared in cooperation with the Dirección de Montes, Minas, y Aquas, Ministerio de Agricultura, under the auspices of the Interdepartmental Conference on Scientific and Cultural Cooperation with the American Republics, Department of State."
504 ## - BIBLIOGRAPHY, ETC. NOTE
Bibliography, etc. note Bibliography: p. 278-281.
500 ## - GENERAL NOTE
General note Includes index.
650 #0 - SUBJECT ADDED ENTRY--TOPICAL TERM
Topical term or geographic name entry element Manganese ores
Geographic subdivision Cuba.
650 #0 - SUBJECT ADDED ENTRY--TOPICAL TERM
Topical term or geographic name entry element Geology
Geographic subdivision Cuba.
700 1# - ADDED ENTRY--PERSONAL NAME
Personal name Straczek, John A.,
Dates associated with a name 1914-

No items available.

Powered by Koha